000 00439cam a2200157 4500500
005 20250921003630.0
041 _afre
042 _adc
245 0 0 _aL’Oubli
260 _c2018.
500 _a5
690 _aOubli
690 _aPhilippe Forest
786 0 _nPhilosophie Magazine | 121 | 8 | 2018-07-01 | p. 66-66
856 4 1 _uhttps://shs.cairn.info/magazine-philosophie-magazine-2018-8-page-66?lang=fr&redirect-ssocas=7080
999 _c1506680
_d1506680